Rusia y la iglesia universal / (Record no. 171833)

MARC details
000 -LEADER
campo de control de longitud fija 00782nam a22002175i 4500
001 - NÚMERO DE CONTROL
campo de control 171833
003 - IDENTIFICADOR DE NÚMERO DE CONTROL
campo de control ES-MaACL
005 - FECHA Y HORA DE LA ÚLTIMA TRANSACCIÓN
campo de control 20250930063150.0
008 - DATOS DE LONGITUD FIJA--INFORMACIÓN GENERAL
campo de control de longitud fija 090602s1946 sp |||| | spa d
080 ## - NÚMERO DE LA CLASIFICACIÓN DECIMAL UNIVERSAL
Número de la Clasificación Decimal Universal 281.93
100 1# - ENTRADA PRINCIPAL--NOMBRE DE PERSONA
Nombre de persona Solov'iov, Vladimir Sergueevich,
Fechas asociadas al nombre 1853-1900
9 (RLIN) 140456
245 10 - MENCIÓN DEL TÍTULO
Título Rusia y la iglesia universal /
Mención de responsabilidad, etc. Vladimiro Solovief ; [traducción, Instituto "Santo Tomás de Aquino", Córdoba (Rep. Argentina) ; prólogo Osvaldo Lira].
260 ## - PUBLICACIÓN, DISTRIBUCIÓN, ETC.
Lugar de publicación, distribución, etc. Madrid :
Nombre del editor, distribuidor, etc. Ediciones y Publicaciones Españolas,
Fecha de publicación, distribución, etc. 1946.
300 ## - DESCRIPCIÓN FÍSICA
Extensión XL, 425 p. :
Otras características físicas il. ;
Dimensiones 21 cm.
490 1# - MENCIÓN DE SERIE
Mención de serie Sol y luna
610 27 - PUNTO DE ACCESO ADICIONAL DE MATERIA--NOMBRE DE ENTIDAD CORPORATIVA
Nombre de entidad corporativa o nombre de jurisdicción como elemento de entrada Iglesia Ortodoxa Rusa
Fuente del encabezamiento o término
9 (RLIN) 168408
700 1# - ENTRADA AGREGADA--NOMBRE PERSONAL
Nombre de persona Lira, Osvaldo.
9 (RLIN) 72523
830 1# - PUNTO DE ACCESO ADICIONAL DE SERIE-TÍTULO UNIFORME
Título uniforme Sol y luna
9 (RLIN) 184449
852 ## - LOCALIZACIÓN
Ubicación ES-MaACL
Número de control de estantería D-6969
Holdings
Estatus retirado Estado de pérdida Estado de daño No para préstamo Biblioteca de origen Biblioteca actual Ubicación en estantería Fecha de adquisición Fuente de adquisición Total de préstamos Signatura topográfica completa Código de barras Visto por última vez Precio de reemplazo Tipo de ítem Koha
        Biblioteca del Ateneo de Madrid Biblioteca del Ateneo de Madrid Sala Valle Inclán 02/06/2009     D-6969 901180335 23/02/2023 23/02/2023 Libro impreso